000 00280nam a2200121Ia 4500
008 220204s9999 xx 000 0 und d
082 _a301
_bPHA
245 0 _aWomen of the world
260 _aNew Delhi
_bVikas
_c1978
700 _aMalani, I
700 _aPhadnis, V
942 _cBK
999 _c39041
_d39041